| 000 | 00399nam a2200145Ia 4500 | ||
|---|---|---|---|
| 008 | 230917s9999||||xx |||||||||||||| ||und|| | ||
| 040 |
_e57104 _aMAIN |
||
| 041 | _aEnglish | ||
| 082 | _a823.09 M278I | ||
| 100 | _aMahle, H S | ||
| 245 | 0 | _aIndo-auglian fiction: some perceptions:including some lectures on Karnad's Tughlaq | |
| 260 |
_aNew Delhi _bJainsons _c1985 |
||
| 300 | _a146 p. | ||
| 942 | _cBK | ||
| 999 |
_c60012 _d60012 |
||